000 00533nam a2200181Ia 4500
008 151018s9999 xx 000 0 und d
082 _bRBASDV17569
_a891.463
100 _aवैजयंती काळे
245 _aमालक
250 _b1
260 _bराजेंद्र प्रकाशन ठाणे
_c1984
300 _a275
600 _aवैजयंती काळे
630 _aमालक
700 _aवैजयंती काळे
730 _aमालक
942 _cBOOK
999 _c1018247
_d1018244